2015 Cricket World Cup - The Result - Statistics

General Stats
  • This quiz has been taken 362 times
  • The average score is 8 of 14
Answer Stats
Hint Country % Correct
Winner Australia
100%
Finalist New Zealand
99%
Semi-finalist India
97%
Semi-finalist South Africa
92%
Quarter-finalist Bangladesh
70%
Quarter-finalist Pakistan
70%
Quarter-finalist Sri Lanka
58%
Quarter-finalist West Indies
57%
Pool elimination Afghanistan
41%
Pool elimination England
40%
Pool elimination Ireland
36%
Pool elimination Scotland
31%
Pool elimination Zimbabwe
31%
Pool elimination United Arab Emirates
27%
No matching quizzes found
Score Distribution
Percent of People with Each Score
Percentile by Number Answered
Your Score History
You have not taken this quiz